The Change of function of political parties at the turn of millennium / János Simon
ISBN:
1133-8962
Descripción Física:
35 p. ; 21 cm
MARC
| LEADER | 00000nam a2200000Ia 4500 | ||
|---|---|---|---|
| 001 | 19802 | ||
| 008 | 160829s2003 xx 000 0 cat d | ||
| 020 | |a 1133-8962 | ||
| 080 | |a FU-10-47 | ||
| 100 | |a Simon, János |9 44005 | ||
| 245 | 4 | |a The Change of function of political parties at the turn of millennium / János Simon | |
| 260 | |a Barcelona : |b Institut de Ciències Polítiques i Socials, |c 2003 | ||
| 300 | |a 35 p. ; |c 21 cm | ||
| 490 | |a Working papers / Institut de Ciències Polítiques i Socials ; 221 | ||
| 590 | |a Bibliografia | ||
| 650 | |a Partits polítics |x Europa |x S. XX |9 44006 | ||
| 650 | |a Democràcia |x Europa |x S. XX |9 44007 | ||
| 710 | 2 | |a Institut de Ciències Polítiques i Socials (Barcelona, Catalunya) |9 55871 | |
| 901 | |a Arxiu | ||
| 942 | |n 1 | ||
| 952 | |0 0 |1 0 |4 0 |6 FU1047 |7 1 |9 51733 |a Arxiu |b Arxiu |d 2016-12-01 |l 0 |o FU-10-47 |p 19802 |r 2016-12-01 00:00:00 |w 2016-12-01 |y ARXIU | ||
| 999 | |c 55579 |d 55579 | ||